Statistics for Actresses By Movie Quiz

Click here to take the quiz!

General Stats

  • This quiz has been taken 33 times
  • The average score is 9 of 17

Answer Stats

MoviesActress% Correct
Silver Linings Playbook, The Hunger GamesJennifer Lawrence
87%
Birds of Prey, The Wolf of Wall StreetMargot Robbie
87%
Gone in 60 Seconds, Tomb RaiderAngelina Jolie
81%
Kill Bill, Pulp FictionUma Thurman
77%
Gravity, SpeedSandra Bullock
74%
Black Widow, Jojo RabbitScarlett Johansson
74%
Bruised, Monster's BallHalle Berry
65%
Conviction, Million Dollar BabyHilary Swank
61%
Star Wars, ThorNatalie Portman
52%
Magnolia, Still AliceJulianne Moore
48%
Casablanca, Murder on the Orient ExpressIngrid Bergman
45%
12 Years a Slave, Black PantherLupita Nyong'o
29%
Blonde, Knives OutAna de Armas
23%
Doubt, The Suicide SquadViola Davis
23%
Avengers: Age of Ultron, Wind RiverElizabeth Olsen
19%
Machete, Resident EvilMichelle Rodriguez
16%
Snowpiercer, The Shape of WaterOctavia Spencer
16%

Score Distribution

Percentile by Number Answered

Percent of People with Each Score

Your Score History

You have not taken this quiz